00866nas a2200253Ia 4500001001100000003000900011008004100020040001300061040001300074041001300087100004600100210001600146222001600162245006300178250001100241260002800252501008600280300001900366362003500385500010600420650003600526700002100562700002900583R017/67590IT-RoPAU151124c99999999xx |||||||||||| ||und|| aIT-RoPAU cIT-RoPAU aITALIANO aAnastasi SergiogCodice Aut. SPICS: 36923 aFILMCRITICA aFilmcritica aFILMCRITICA, ANNO 20-N.201 (OTTOBRE 1969)bCinema Politico a1a ed. aROMAbFILMCRITICAc1969 bPaulus - SPICS - Società San Paolo EM (non-commercial uses only)cCopyright2015 a3 p. [359-361] aANNO 020, N.201 (OTTOBRE 1969) aContributo Alla Definizione Critica di Cinema Politico. a Proposito del Film "Z: L'Orgia del Potere". aCINEMAvPUBBLICAZIONE PERIODICA aBarbieri Daniele gCodice Aut. SPICS: 19979